000 00725nas a2200265 4500
001 BR9601800
003 BR-BrBNA
005 20231205095146.0
007 ta
008 230509b bl.|||p| |||| 00| 00por d
040 _aBR-BrBNA
_bpor
_cBiblioteca Nacional de Agricultura
041 _a(Pt)
072 _aQ03
100 1 _aMiele, A.
100 1 _aRizzon, L.A.
100 1 _aSoria, S. de J.
245 1 _aTeores de arsenio em mosto e suco de uva
650 _aUva
650 _aMosto
650 _aSuco
650 _aArsenico
773 0 _tRevista Brasileira de Fruticultura (Brazil)
_xISSN 0100-2945
_g(1993), v. 15(1) p. 239-242
_wBR9601800
909 _a202311
_bLúcia
_c55
_dLúcia Elande
942 _2AGRIS
_n0
_cANA
999 _c148971
_d148971